| 000 | 00996cam a22003132 4500 | ||
|---|---|---|---|
| 001 | 12759 | ||
| 003 | UkOxU | ||
| 005 | 20211208235342.0 | ||
| 008 | 140129s1979 enka b 001 0 eng d | ||
| 020 | _a0192611941 (pbk.) | ||
| 035 |
_aOCLC ocm05100982 from D970926M _a(BD-RjUL)12809 |
||
| 040 |
_aDLC _cDLC _dGXM _dNLM _dBD-RjUL _beng |
||
| 041 | _aeng | ||
| 060 | _aWG 141 L438i 1979 | ||
| 082 |
_a616.1075 _216 _bLEI 1979 |
||
| 100 | 1 |
_aLeatham, Aubrey. _939745 |
|
| 245 | 1 | 3 |
_aAn introduction to the examination of the cardiovascular system / _cAubrey Leatham. |
| 250 | _a2d ed. | ||
| 260 |
_aOxford ; _aNew York : _bOxford University Press , _c1979. |
||
| 300 |
_a99 p. : _bill. ; _c19 cm. |
||
| 490 | 1 | _aOxford medical publications | |
| 500 | _aIncludes index. | ||
| 504 | _aBibliography: p. 59. | ||
| 650 | 0 |
_aCardiovascular system _xExamination. _939746 |
|
| 830 | 0 |
_aOxford medical publications. _939755 |
|
| 942 |
_2ddc _cBK |
||
| 999 |
_c12759 _d12759 |
||